| 000 | 00534cas a2200157 4500 | ||
|---|---|---|---|
| 008 | 150918n eng u | ||
| 022 | _a0331949X | ||
| 035 | _a(Sirsi) a192442 | ||
| 050 | _aSB599.P9 | ||
| 245 |
_aPhytopathology _b An international journal of the Ameriacan Phytopathological Society. |
||
| 260 |
_aSt. Paul _b The American phytopathological Society. |
||
| 310 | _aMonthly. | ||
| 362 | _aVol. 72, No. 7, 1982 - Vol. 85, No. 6, 1995. | ||
| 520 | _aIt publishes articles in Phytopathology. | ||
| 650 | _aPhytopathology. | ||
| 999 |
_c9905 _d9905 |
||